[Event "83rd ch-BLR 2017"]
[Site "Minsk BLR"]
[Date "2017.01.14"]
[Round "5.2"]
[White "Zarubitski, Viachaslau"]
[Black "Badelka, Olga"]
[Result "1/2-1/2"]
[WhiteTitle "FM"]
[WhiteElo "2321"]
[BlackElo "2293"]
[WhiteFideId "13509373"]
[BlackFideId "13509926"]
[EventDate "2017.01.10"]

1. e4 c5 2. Nf3 Nc6 3. d4 cxd4 4. Nxd4 Qb6 5. Nb3 Nf6 6. Nc3 e6 7. Qe2 Bb4 8.
Bd2 O-O 9. a3 Be7 10. O-O-O d5 11. exd5 Nxd5 12. Nxd5 exd5 13. Be3 Qc7 14. g3
Bf5 15. Bg2 Rac8 16. Rxd5 Be6 17. Bf4 Qb6 18. Rb5 Qa6 19. Re1 Bxa3 20. Bxc6 Rxc6
21. Ra5 Qxe2 22. Rxe2 Bb4 23. Ra4 Bc4 24. Nd4 Bxe2 25. Nxc6 Bc5 26. Ne7+ Kh8 27.
Nf5 Rd8 28. b3 Bxf2 29. Nd6 Kg8 30. Nxb7 Rd1+ 31. Kb2 f6 32. h4 h6 33. c3 g5 34.
hxg5 hxg5 35. Bb8 Rd2+ 36. Kc1 Rd3 37. Bxa7 Bxg3 38. Bd4 Bf4+ 39. Kb2 Rd2+ 40.
Ka3 Bf3 41. Nc5 g4 42. Ra6 Be5 43. Nd7 Bxd4 44. cxd4 f5 45. Ne5 Rxd4 46. Kb2 Be4
47. Rg6+ Kh7 48. Rg5 Rd2+ 49. Kc3 Rg2 50. Kd4 g3 51. Ke3 Rg1 52. Nf3 Bxf3 53.
Kxf3 Rb1 54. Kxg3 Rxb3+ 55. Kf4 Rb4+ 56. Kxf5 Rb5+ 57. Kg4 Rxg5+ 58. Kxg5 1/2-1/2

[Event "83rd ch-BLR 2017"]
[Site "Minsk BLR"]
[Date "2017.01.14"]
[Round "5.6"]
[White "Zhigalko, Sergei"]
[Black "Kocheev, Aleksandr"]
[Result "1-0"]
[WhiteTitle "GM"]
[WhiteElo "2662"]
[BlackElo "2319"]
[WhiteFideId "13502956"]
[BlackFideId "13507842"]
[EventDate "2017.01.10"]

1. e4 e5 2. Nf3 Nc6 3. Bb5 Nf6 4. d3 Bc5 5. Bxc6 dxc6 6. Nbd2 Bg4 7. h3 Bxf3 8.
Qxf3 Qe7 9. Nc4 Nd7 10. Be3 f6 11. O-O-O O-O-O 12. Qg3 Kb8 13. f4 Bxe3+ 14. Nxe3
exf4 15. Qxf4 Nc5 16. Nf5 Qf7 17. Kb1 Ne6 18. Qf2 c5 19. Rhf1 Rhe8 20. Ne3 Nd4
21. g4 Qd7 22. h4 Re6 23. g5 b6 24. Rg1 Rf8 25. Rdf1 Ree8 26. gxf6 gxf6 27. Nf5
Nxf5 28. Qxf5 Qxf5 29. Rxf5 Rg8 30. Rgf1 Re6 31. Rh5 Rg7 32. b3 Kc8 33. Rd5 Rg4
34. Rh5 Rg7 35. a4 a5 36. Rd5 Rg4 37. Rh5 Rg7 38. Rh6 Rf7 39. Kc1 Kd7 40. Rf5
Ke8 41. Kd2 Kf8 42. Ke3 Kg7 43. Rfh5 Kg8 44. Kf4 Rd6 45. Rf5 Kg7 46. Rhh5 c6 47.
Kg4 Re7 48. Rf2 Ree6 49. Rhf5 Rd7 50. Kh5 Rf7 51. Rf1 Rd7 52. Rg1+ Kh8 53. Kh6
Rf7 54. Rg2 Rfe7 55. Rgf2 Rf7 56. Kh5 Kg7 57. Kg4 Rd7 58. Kf4 Rf7 59. Rg2+ Kh8
60. Ke3 Rg7 61. Rgf2 Rg3+ 62. Kf4 Rg1 63. e5 fxe5+ 64. Rxe5 Reg6 65. Kf5 Rh1 66.
Re4 Kg7 67. Ke5 Rh3 68. Rf5 Rg2 69. Kd6 Rxc2 70. Rg5+ 1-0

[Event "83rd ch-BLR 2017"]
[Site "Minsk BLR"]
[Date "2017.01.15"]
[Round "6.1"]
[White "Zhigalko, Andrey"]
[Black "Kocheev, Aleksandr"]
[Result "1/2-1/2"]
[WhiteTitle "GM"]
[WhiteElo "2599"]
[BlackElo "2319"]
[WhiteFideId "13502247"]
[BlackFideId "13507842"]
[EventDate "2017.01.10"]

1. d4 d5 2. c4 dxc4 3. e3 e5 4. Bxc4 exd4 5. exd4 Nf6 6. Nf3 Be7 7. O-O O-O 8.
Nc3 Nbd7 9. Re1 Nb6 10. Bb3 c6 11. Bg5 Bf5 12. Nh4 Bg6 13. Qf3 Nfd5 14. Rxe7
Nxe7 15. Re1 Nbc8 16. Nxg6 hxg6 17. Qh3 Qc7 18. Ne4 Qa5 19. Bd2 Qh5 20. Qd7 Nd5
21. Ng5 Ncb6 22. Qxb7 Qg4 23. Qxc6 Qxd4 24. Bc3 Qf4 25. Bxd5 Qxg5 26. Bb3 Rad8
27. g3 Rd7 28. h4 Qf5 29. Re5 Rc8 30. Qb5 Qf3 31. Re3 Qf5 32. Re5 Qf3 33. h5
gxh5 34. Rf5 Qe4 35. Rxh5 Rcd8 36. Kh2 Nd5 37. Ba5 Qf3 38. Bxd8 Qxh5+ 39. Bh4
Qf5 40. Qc5 g5 41. Bc2 Qf6 42. Qc8+ Rd8 43. Qg4 Qxf2+ 44. Kh1 Qe1+ 45. Kh2 Qf2+
46. Kh1 f6 47. Bxg5 Kf7 48. Bg6+ Ke7 49. Bh4 Ne3 50. Qb4+ Rd6 51. Qb7+ Rd7 52.
Qb4+ Rd6 53. Qb7+ 1/2-1/2

[Event "83rd ch-BLR 2017"]
[Site "Minsk BLR"]
[Date "2017.01.15"]
[Round "6.3"]
[White "Stupak, Kirill"]
[Black "Aleksandrov, Aleksej"]
[Result "1/2-1/2"]
[WhiteTitle "GM"]
[BlackTitle "GM"]
[WhiteElo "2562"]
[BlackElo "2565"]
[WhiteFideId "13503758"]
[BlackFideId "13500139"]
[EventDate "2017.01.10"]

1. d4 d5 2. c4 dxc4 3. e4 Nf6 4. e5 Nd5 5. Bxc4 Nc6 6. Nf3 Nb6 7. Bb3 Bg4 8. Ng5
Bxd1 9. Bxf7+ Kd7 10. Be6+ Ke8 11. Bf7+ 1/2-1/2

[Event "83rd ch-BLR 2017"]
[Site "Minsk BLR"]
[Date "2017.01.15"]
[Round "6.4"]
[White "Azarov, Sergei"]
[Black "Filipets, Egor"]
[Result "1-0"]
[WhiteTitle "GM"]
[WhiteElo "2594"]
[BlackElo "2316"]
[WhiteFideId "13501470"]
[BlackFideId "13503928"]
[EventDate "2017.01.10"]

1. e4 e6 2. d4 d5 3. Nd2 Nc6 4. Ngf3 Nf6 5. e5 Nd7 6. Bd3 Nb4 7. Be2 c5 8. c3
Nc6 9. O-O Be7 10. Re1 O-O 11. Nf1 cxd4 12. cxd4 Nb6 13. Ng3 a5 14. Bd3 a4 15.
a3 Bd7 16. Bc2 Rc8 17. Qd3 g6 18. Bh6 Re8 19. Qd2 Na5 20. Bd3 Nb3 21. Qf4 Nxa1
22. Ng5 Rf8 23. Nh5 f5 24. exf6 Bxf6 25. Nxh7 Kxh7 26. Bxf8 Qxf8 27. Qxf6 Qxf6
28. Nxf6+ Kg7 29. Nxd7 Nxd7 30. Rxa1 Kf6 31. f4 Nb6 32. Re1 Nc4 33. Re2 Rc6 34.
g4 g5 35. h4 gxh4 36. Kg2 Rb6 37. g5+ Kf7 38. Bxc4 dxc4 39. Kh3 Rb3+ 40. Kxh4
Rd3 41. Re5 Rxd4 42. Rb5 e5 43. Rxb7+ Kg6 44. Rb6+ Kg7 45. Kh5 exf4 46. Rb7+ Kg8
47. Kh6 Rd8 48. g6 f3 49. Rg7+ Kh8 50. Rf7 Kg8 51. Rxf3 Rd2 52. Rf4 Rh2+ 53. Kg5
Rxb2 54. Rxc4 Rg2+ 55. Kf6 Rf2+ 56. Ke6 Kg7 57. Rxa4 Kxg6 58. Rg4+ Kh5 59. Re4
Kg5 60. a4 Rf6+ 61. Kd5 Ra6 62. Kc5 Kf5 63. Kb5 Ra8 64. Re1 Rb8+ 65. Kc6 Ra8 66.
Ra1 Ke5 67. a5 Ra6+ 68. Kb7 Rh6 69. a6 Rh7+ 70. Kc6 Rh6+ 71. Kc5 1-0

[Event "83rd ch-BLR 2017"]
[Site "Minsk BLR"]
[Date "2017.01.15"]
[Round "6.5"]
[White "Badelka, Olga"]
[Black "Fedorov, Alexei"]
[Result "0-1"]
[BlackTitle "GM"]
[WhiteElo "2293"]
[BlackElo "2576"]
[WhiteFideId "13509926"]
[BlackFideId "13500465"]
[EventDate "2017.01.10"]

1. d4 d6 2. e4 Nf6 3. f3 d5 4. e5 Nfd7 5. c4 dxc4 6. Bxc4 e6 7. Nc3 Nxe5 8. Bxe6
Bxe6 9. dxe5 Qxd1+ 10. Kxd1 Nc6 11. Bf4 O-O-O+ 12. Kc1 Nb4 13. Nge2 Bf5 14. Ne4
Nd3+ 15. Kc2 Nf2 16. Rhe1 Nxe4 17. fxe4 Bxe4+ 18. Kc3 Bxg2 19. Bg5 Re8 20. Nf4
Bc6 21. Nh5 Bf3 22. Ng3 h6 23. Bd2 g6 24. Kd4 0-1

[Event "83rd ch-BLR 2017"]
[Site "Minsk BLR"]
[Date "2017.01.15"]
[Round "6.6"]
[White "Nikitenko, Mihail"]
[Black "Zarubitski, Viachaslau"]
[Result "1-0"]
[BlackTitle "FM"]
[WhiteElo "2395"]
[BlackElo "2321"]
[WhiteFideId "13506862"]
[BlackFideId "13509373"]
[EventDate "2017.01.10"]

1. e4 c5 2. Nf3 e6 3. d4 cxd4 4. Nxd4 Nc6 5. Nc3 Qc7 6. Be2 a6 7. O-O Nf6 8. Kh1
Nxd4 9. Qxd4 Bc5 10. Qd2 O-O 11. Qg5 d6 12. Bd3 b5 13. Qh4 b4 14. e5 dxe5 15.
Ne4 Nxe4 16. Bxe4 f5 17. Bxa8 e4 18. Bf4 1-0

[Event "83rd ch-BLR 2017"]
[Site "Minsk BLR"]
[Date "2017.01.16"]
[Round "7.1"]
[White "Zarubitski, Viachaslau"]
[Black "Zhigalko, Andrey"]
[Result "1/2-1/2"]
[WhiteTitle "FM"]
[BlackTitle "GM"]
[WhiteElo "2321"]
[BlackElo "2599"]
[WhiteFideId "13509373"]
[BlackFideId "13502247"]
[EventDate "2017.01.10"]

1. e4 c5 2. Nf3 d6 3. d4 cxd4 4. Nxd4 Nf6 5. Nc3 a6 6. Be3 e5 7. Nb3 Be7 8. Qd2
Ng4 9. g3 O-O 10. O-O-O Nd7 11. Nd5 Nxe3 12. Qxe3 Nf6 13. Nxf6+ Bxf6 14. Bc4 a5
15. Kb1 a4 16. Nc1 a3 17. b3 Be6 18. Bd5 Bg5 19. Qd3 Bxc1 20. Rxc1 Bxd5 21. Qxd5
Qb6 22. f3 Rfc8 23. Qd3 Rc6 24. c4 Rac8 25. Rc2 g6 26. Re1 Kg7 27. Rec1 h5 28.
Ka1 Qd8 29. b4 Ra6 30. Qb3 h4 31. b5 Raa8 32. g4 Qf6 33. Rd1 Rc5 34. Qe3 Rac8
35. Qe2 h3 36. Kb1 Ra8 37. Qd3 Rac8 38. Rdc1 Ra8 39. Rd1 b6 40. Rc3 Ra4 41. Kc2
Qe6 42. Kb3 Ra8 43. Kb4 Qe7 44. Kb3 Qe6 45. Kb4 Qe7 46. Kb3 Qa7 47. Kc2 Rac8 48.
Rc1 Qe7 49. Kb3 Ra8 1/2-1/2

[Event "83rd ch-BLR 2017"]
[Site "Minsk BLR"]
[Date "2017.01.16"]
[Round "7.2"]
[White "Fedorov, Alexei"]
[Black "Nikitenko, Mihail"]
[Result "1-0"]
[WhiteTitle "GM"]
[WhiteElo "2576"]
[BlackElo "2395"]
[WhiteFideId "13500465"]
[BlackFideId "13506862"]
[EventDate "2017.01.10"]

1. c4 e5 2. g3 Nf6 3. Bg2 g6 4. Nc3 Bg7 5. e4 O-O 6. Nge2 Nc6 7. O-O d6 8. d3
Nd7 9. Be3 Nc5 10. Qd2 a5 11. Rad1 Be6 12. Bh6 Bxh6 13. Qxh6 f6 14. Nd5 Bxd5 15.
exd5 Ne7 16. Bh3 b5 17. d4 Ne4 18. Be6+ Kh8 19. Qe3 Ng5 20. dxe5 dxe5 21. f4
Nxe6 22. dxe6 Nf5 23. Qc5 Qe8 24. g4 Nh6 25. g5 Nf5 26. fxe5 Qxe6 27. gxf6 Rae8
28. Rd5 Nh4 29. cxb5 Qh3 30. Qf2 Nf5 31. Ng3 Nh6 32. Qd2 Kg8 33. Rc5 Ng4 34. f7+
Rxf7 35. Rxf7 Kxf7 36. Rxc7+ Kg8 37. b6 Nxe5 38. Qd5+ Kf8 39. b7 Qg4 40. Qd6+
Kg8 41. Qxe5 1-0

[Event "83rd ch-BLR 2017"]
[Site "Minsk BLR"]
[Date "2017.01.16"]
[Round "7.3"]
[White "Filipets, Egor"]
[Black "Badelka, Olga"]
[Result "1/2-1/2"]
[WhiteElo "2316"]
[BlackElo "2293"]
[WhiteFideId "13503928"]
[BlackFideId "13509926"]
[EventDate "2017.01.10"]

1. g3 c5 2. Bg2 Nc6 3. f4 g6 4. Nf3 Bg7 5. O-O d6 6. e4 e6 7. Nc3 Nge7 8. d3 O-O
9. Be3 b6 10. Bf2 Ba6 11. Re1 Rc8 12. g4 Nd4 13. Nxd4 cxd4 14. Ne2 e5 15. f5 d5
16. Ng3 dxe4 17. Bxe4 Bb5 18. Qf3 f6 19. Re2 Bc6 20. h4 Bxe4 21. dxe4 Bh6 22.
Rd1 Qe8 23. fxg6 hxg6 24. h5 Bf4 25. hxg6 Bxg3 26. Bxg3 Qxg6 27. Kg2 Rf7 28. Rh1
Rg7 29. Rh4 Rf8 30. Rf2 Qg5 31. Kh3 Qc1 32. Bxe5 Ng6 33. Bf4 Qxb2 34. Rh5 Rc8
35. Bg3 Rxc2 36. Qxf6 Rxf2 37. Bxf2 Qa3+ 38. Bg3 Qf8 39. Qe6+ Qf7 40. Qc8+ Qf8
41. Qc4+ Qf7 42. Rd5 Nf8 43. a4 Ne6 44. Qc8+ Kh7 45. Rf5 Ng5+ 46. Kg2 Qa2+ 47.
Rf2 Qe6 48. Qxe6 Nxe6 49. Rf6 Nc5 50. Kf3 Rd7 51. Bd6 d3 52. e5 d2 53. Ke2 Ne4
54. Rf4 Nxd6 55. Rd4 Re7 56. Rxd6 Rxe5+ 57. Kxd2 Ra5 58. Rd4 Kg6 1/2-1/2

[Event "83rd ch-BLR 2017"]
[Site "Minsk BLR"]
[Date "2017.01.16"]
[Round "7.5"]
[White "Zhigalko, Sergei"]
[Black "Stupak, Kirill"]
[Result "1/2-1/2"]
[WhiteTitle "GM"]
[BlackTitle "GM"]
[WhiteElo "2662"]
[BlackElo "2562"]
[WhiteFideId "13502956"]
[BlackFideId "13503758"]
[EventDate "2017.01.10"]

1. e4 e6 2. d4 d5 3. Nc3 Bb4 4. e5 c5 5. a3 Bxc3+ 6. bxc3 Qa5 7. Bd2 Qa4 8. Qb1
c4 9. Ne2 Nc6 10. Ng3 Bd7 11. Be2 O-O-O 12. O-O f6 13. exf6 Nxf6 14. Re1 Rde8
15. Qc1 Qa5 16. Bd1 e5 17. dxe5 Nxe5 18. h3 h5 1/2-1/2

[Event "83rd ch-BLR 2017"]
[Site "Minsk BLR"]
[Date "2017.01.16"]
[Round "7.6"]
[White "Kocheev, Aleksandr"]
[Black "Kovalev, Vladislav"]
[Result "0-1"]
[BlackTitle "GM"]
[WhiteElo "2319"]
[BlackElo "2595"]
[WhiteFideId "13507842"]
[BlackFideId "13504398"]
[EventDate "2017.01.10"]

1. e4 c5 2. Nf3 g6 3. d4 cxd4 4. Qxd4 Nf6 5. e5 Nc6 6. Qf4 Nd5 7. Qe4 Ndb4 8. a3
d5 9. Qe2 Na6 10. Nc3 d4 11. Ne4 Bg7 12. Bf4 O-O 13. O-O-O Bf5 14. Kb1 Nc7 15.
h3 Qd5 16. Nc3 Qc5 17. Ne4 Qd5 18. Nc3 Qc5 19. Ne4 Qb6 20. g4 Be6 21. Qe1 Nd5
22. Bc1 Rac8 23. Bd3 Ndb4 24. axb4 Nxb4 25. Bg5 Ba2+ 26. Kc1 Bb3 27. Nxd4 Qxd4
28. Nc3 Bxe5 29. Bf5 Na2+ 30. Kb1 Nxc3+ 31. bxc3 Bxc2+ 0-1

[Event "83rd ch-BLR 2017"]
[Site "Minsk BLR"]
[Date "2017.01.17"]
[Round "8.1"]
[White "Zhigalko, Andrey"]
[Black "Kovalev, Vladislav"]
[Result "1/2-1/2"]
[WhiteTitle "GM"]
[BlackTitle "GM"]
[WhiteElo "2599"]
[BlackElo "2595"]
[WhiteFideId "13502247"]
[BlackFideId "13504398"]
[EventDate "2017.01.10"]

1. d4 Nf6 2. c4 c5 3. d5 g6 4. Nc3 Bg7 5. e4 O-O 6. Nf3 e6 7. Be2 d6 8. O-O exd5
9. exd5 Bg4 10. h3 Bxf3 11. Bxf3 Nbd7 12. Bd2 Re8 13. Qc2 a6 14. a4 h5 15. Bg5
Qe7 16. Rad1 Qe5 17. Bd2 Qe7 18. Rde1 Qf8 19. Be2 Bh6 20. f4 Qg7 21. g3 Re7 22.
Bf3 Rae8 23. Rxe7 Rxe7 24. Nd1 b5 25. Kf2 Nb6 26. b3 bxc4 27. bxc4 Nfd7 28. Bc3
Qh7 29. a5 Nc8 30. Qa4 Na7 31. Re1 f5 32. Re6 h4 33. Rxd6 hxg3+ 34. Kg2 Bxf4 35.
Re6 g5 36. Rxe7 Qxe7 37. Qc2 Nc8 38. Qxf5 Nd6 39. Qe6+ Qxe6 40. dxe6 Ne5 41.
Bxe5 Bxe5 42. Ne3 Kf8 43. Bc6 Ke7 44. Bd7 Kd8 45. Bc6 Ke7 46. Bd7 Kd8 47. Bc6 1/2-1/2

[Event "83rd ch-BLR 2017"]
[Site "Minsk BLR"]
[Date "2017.01.17"]
[Round "8.2"]
[White "Stupak, Kirill"]
[Black "Kocheev, Aleksandr"]
[Result "1-0"]
[WhiteTitle "GM"]
[WhiteElo "2562"]
[BlackElo "2319"]
[WhiteFideId "13503758"]
[BlackFideId "13507842"]
[EventDate "2017.01.10"]

1. d4 Nf6 2. Nf3 g6 3. g3 Bg7 4. Bg2 O-O 5. c4 c6 6. O-O d5 7. b3 dxc4 8. bxc4
c5 9. Bb2 cxd4 10. Nxd4 a6 11. Nc3 e5 12. Nb3 Nc6 13. Nd5 Bf5 14. e4 Be6 15. Qe2
Nd7 16. Rad1 Rc8 17. f4 Na5 18. Nxa5 Qxa5 19. Ne7+ Kh8 20. Nxc8 Rxc8 21. Qf2 Nb6
22. Bxe5 Bxe5 23. fxe5 Nxc4 24. Rd5 Bxd5 25. exd5 Qc7 26. Qf6+ Kg8 27. e6 fxe6
28. Bh3 1-0

[Event "83rd ch-BLR 2017"]
[Site "Minsk BLR"]
[Date "2017.01.17"]
[Round "8.3"]
[White "Azarov, Sergei"]
[Black "Zhigalko, Sergei"]
[Result "1-0"]
[WhiteTitle "GM"]
[BlackTitle "GM"]
[WhiteElo "2594"]
[BlackElo "2662"]
[WhiteFideId "13501470"]
[BlackFideId "13502956"]
[EventDate "2017.01.10"]

1. e4 e5 2. Nf3 Nc6 3. Bb5 a6 4. Ba4 Nf6 5. O-O Be7 6. Re1 b5 7. Bb3 d6 8. c3
O-O 9. h3 Nb8 10. d4 Nbd7 11. Nbd2 Bb7 12. Bc2 Re8 13. Nf1 Bf8 14. Ng3 g6 15. a4
c5 16. d5 c4 17. Bg5 Nc5 18. Qd2 Be7 19. Bh6 Nfd7 20. Nh2 Nxa4 21. Bxa4 bxa4 22.
Rxa4 a5 23. Ng4 Ba6 24. Be3 Bb5 25. Raa1 h5 26. Nh6+ Kg7 27. Nxh5+ gxh5 28. Nf5+
Kg6 29. f4 Rh8 30. Qf2 h4 31. Qf3 exf4 32. Qg4+ Bg5 33. Nxd6 f6 34. Bxf4 Qb6+
35. Kh1 Raf8 36. Rf1 Rh5 37. Rf3 Nc5 38. Nf5 Bd7 39. Be3 Re8 40. Raf1 Re5 41.
Bxc5 Qxc5 42. Nxh4+ Rxh4 43. Rxf6+ Kg7 44. Qxd7+ Re7 45. Qf5 Rxh3+ 46. gxh3 1-0

[Event "83rd ch-BLR 2017"]
[Site "Minsk BLR"]
[Date "2017.01.17"]
[Round "8.4"]
[White "Badelka, Olga"]
[Black "Aleksandrov, Aleksej"]
[Result "1/2-1/2"]
[BlackTitle "GM"]
[WhiteElo "2293"]
[BlackElo "2565"]
[WhiteFideId "13509926"]
[BlackFideId "13500139"]
[EventDate "2017.01.10"]

1. d4 Nf6 2. c4 e6 3. Nc3 Bb4 4. Qc2 d5 5. cxd5 exd5 6. Bg5 h6 7. Bh4 c5 8. dxc5
Be6 9. e3 O-O 10. Nf3 Nbd7 11. Be2 Rc8 12. O-O Rxc5 13. Nd4 a6 14. Rfc1 Rc8 15.
Qb3 Qb6 16. Na4 Rxc1+ 17. Rxc1 Qa5 18. Bg3 b5 19. Nc6 Rc8 20. a3 Bf8 21. Nxa5
Rxc1+ 22. Bf1 bxa4 23. Qd3 Nc5 24. Qd2 Ra1 25. f3 Nce4 26. fxe4 Nxe4 27. Qe2 Bd7
28. Qxa6 Bc5 29. Bf4 g5 30. Qa8+ Kg7 31. Be5+ f6 32. Bd4 Nd2 33. Kf2 Ne4+ 34.
Kg1 Nd2 35. Kf2 Ne4+ 36. Kg1 1/2-1/2

[Event "83rd ch-BLR 2017"]
[Site "Minsk BLR"]
[Date "2017.01.17"]
[Round "8.5"]
[White "Nikitenko, Mihail"]
[Black "Filipets, Egor"]
[Result "1-0"]
[WhiteElo "2395"]
[BlackElo "2316"]
[WhiteFideId "13506862"]
[BlackFideId "13503928"]
[EventDate "2017.01.10"]

1. e4 e6 2. d4 d5 3. Nd2 Nc6 4. Ngf3 Nf6 5. e5 Nd7 6. Bd3 f6 7. exf6 Qxf6 8. Nf1
e5 9. Ne3 exd4 10. Nxd5 Qe6+ 11. Qe2 Qxe2+ 12. Bxe2 Bd6 13. Bf4 Nde5 14. O-O-O
Be6 15. Bxe5 Nxe5 16. Rxd4 O-O-O 17. Nxe5 Bxe5 18. Ne7+ Kb8 19. Re4 Bf6 20. Rxe6
Rhe8 21. Nc6+ bxc6 22. Rxe8 Rxe8 23. Bd3 h6 24. f4 Kb7 25. c3 Kb6 26. Kc2 Kc5
27. Rd1 a5 28. a3 Re7 29. Rd2 Re1 30. Re2 Rh1 31. g3 Rg1 32. Be4 h5 33. Bf3 h4
34. Re6 hxg3 35. Rxc6+ Kb5 36. c4+ Ka4 37. Rxf6 1-0

[Event "83rd ch-BLR 2017"]
[Site "Minsk BLR"]
[Date "2017.01.17"]
[Round "8.6"]
[White "Zarubitski, Viachaslau"]
[Black "Fedorov, Alexei"]
[Result "0-1"]
[WhiteTitle "FM"]
[BlackTitle "GM"]
[WhiteElo "2321"]
[BlackElo "2576"]
[WhiteFideId "13509373"]
[BlackFideId "13500465"]
[EventDate "2017.01.10"]

1. e4 c5 2. Nf3 e6 3. d4 cxd4 4. Nxd4 a6 5. c4 Nf6 6. Nc3 Qc7 7. a3 b6 8. Be3
Bb7 9. f3 d6 10. Rc1 Be7 11. Be2 Nbd7 12. O-O O-O 13. b4 Rfe8 14. Qe1 Rac8 15.
Qf2 Qb8 16. g4 h6 17. h4 Nh7 18. Rfd1 Rc7 19. Na4 Qd8 20. Nb3 Bxh4 21. Qh2 e5
22. Rxd6 Bg5 23. Qf2 Rc6 24. Rcd1 Rxd6 25. Rxd6 Qc7 26. Rd1 Qc6 27. Nc3 h5 28.
Bxg5 Nxg5 29. Qh4 Qf6 30. Qxh5 Nf8 31. Qh1 Ng6 32. Nd5 Bxd5 33. cxd5 Qf4 34. Rd3
Qg3+ 35. Qg2 Qh4 36. Qh2 Qe1+ 37. Bf1 Nf4 38. Qd2 Nxd3 39. Qxd3 Qg3+ 40. Kh1
Nxf3 0-1

[Event "83rd ch-BLR 2017"]
[Site "Minsk BLR"]
[Date "2017.01.18"]
[Round "9.1"]
[White "Fedorov, Alexei"]
[Black "Zhigalko, Andrey"]
[Result "1-0"]
[WhiteTitle "GM"]
[BlackTitle "GM"]
[WhiteElo "2576"]
[BlackElo "2599"]
[WhiteFideId "13500465"]
[BlackFideId "13502247"]
[EventDate "2017.01.10"]

1. e4 c5 2. Nf3 Nc6 3. d4 cxd4 4. Nxd4 Qc7 5. Nb5 Qb8 6. Bd3 a6 7. N5c3 e6 8.
Be3 b5 9. f4 Be7 10. O-O d6 11. Qf3 Bb7 12. Nd2 Nf6 13. Qh3 O-O 14. Nf3 Rd8 15.
g4 b4 16. g5 bxc3 17. gxf6 gxf6 18. Kf2 Kh8 19. Ng5 fxg5 20. e5 1-0

[Event "83rd ch-BLR 2017"]
[Site "Minsk BLR"]
[Date "2017.01.18"]
[Round "9.2"]
[White "Filipets, Egor"]
[Black "Zarubitski, Viachaslau"]
[Result "1-0"]
[BlackTitle "FM"]
[WhiteElo "2316"]
[BlackElo "2321"]
[WhiteFideId "13503928"]
[BlackFideId "13509373"]
[EventDate "2017.01.10"]

1. e4 c5 2. Be2 Nc6 3. f4 g6 4. Nf3 Bg7 5. O-O d6 6. d3 Nf6 7. c3 O-O 8. h3 b5
9. a3 c4 10. dxc4 Qb6+ 11. Kh2 bxc4 12. Nbd2 Na5 13. e5 dxe5 14. Nxe5 Qc7 15.
Ndxc4 Nxc4 16. Bxc4 Bb7 17. Qb3 e6 18. Be3 Nd5 19. Rae1 Nxe3 20. Rxe3 Rad8 21.
Rf2 Rd6 22. Nxf7 Rb6 23. Qa2 Rxf7 24. Bxe6 Kf8 25. Bxf7 Qxf7 26. Qxf7+ Kxf7 27.
Rd2 Bc8 28. Rd8 Be6 29. Ra8 Ra6 30. Rb8 Bd5 31. Rc8 Bh6 32. g3 Bf8 33. Re5 Be6
34. Rc7+ Kf6 35. Rb5 Rd6 36. g4 Rd2+ 37. Kg3 Rd3+ 38. Kf2 Bd7 39. Rbb7 Be6 40.
Rxa7 Bd6 41. Rc6 Bxf4 42. Raa6 Re3 43. a4 Ke7 44. Ra7+ Kd8 45. Rxh7 Re5 46. Ra6
Bd5 47. Rxg6 Be3+ 48. Kg3 Bc5 49. Rgg7 Re3+ 50. Kf4 Re4+ 51. Kf5 Ke8 52. Rc7 Be7
53. c4 Bg8 54. Rh8 1-0

[Event "83rd ch-BLR 2017"]
[Site "Minsk BLR"]
[Date "2017.01.18"]
[Round "9.3"]
[White "Aleksandrov, Aleksej"]
[Black "Nikitenko, Mihail"]
[Result "1-0"]
[WhiteTitle "GM"]
[WhiteElo "2565"]
[BlackElo "2395"]
[WhiteFideId "13500139"]
[BlackFideId "13506862"]
[EventDate "2017.01.10"]

1. d4 d5 2. c4 c6 3. Nc3 Nf6 4. Nf3 dxc4 5. a4 Bf5 6. Ne5 Nbd7 7. Nxc4 Qc7 8. g3
e5 9. dxe5 Nxe5 10. Bf4 Nfd7 11. Bg2 f6 12. O-O O-O-O 13. Nxe5 fxe5 14. Bg5 Nf6
15. Qb3 Bc5 16. a5 Rd4 17. Be3 Rb4 18. Qa3 Be7 19. Bxa7 Be6 20. Na4 Rb3 21. Qa2
Nd7 22. Rfd1 Bb4 23. Bb6 Qb8 24. Bd5 1-0

[Event "83rd ch-BLR 2017"]
[Site "Minsk BLR"]
[Date "2017.01.18"]
[Round "9.4"]
[White "Zhigalko, Sergei"]
[Black "Badelka, Olga"]
[Result "1-0"]
[WhiteTitle "GM"]
[WhiteElo "2662"]
[BlackElo "2293"]
[WhiteFideId "13502956"]
[BlackFideId "13509926"]
[EventDate "2017.01.10"]

1. e4 d5 2. exd5 Qxd5 3. Nc3 Qd6 4. d4 Nf6 5. Nf3 c6 6. h3 g6 7. Bd3 Bg7 8. O-O
O-O 9. Re1 Nbd7 10. Bg5 Nb6 11. Ne4 Qc7 12. Qd2 Bf5 13. Bf4 Qc8 14. Nc5 Bxd3 15.
Nxd3 Nfd5 16. Bh6 Nc4 17. Qc1 e6 18. Bxg7 Kxg7 19. b3 Nd6 20. c4 Ne7 21. Qc3 Kg8
22. Nde5 f6 23. Nd3 Nef5 24. Re2 Ng7 25. Rae1 Re8 26. Qd2 b6 27. a4 c5 28. Qc3
Kf7 29. g4 g5 30. b4 Nb7 31. bxc5 bxc5 32. d5 Nd6 33. Nd2 exd5 34. cxd5 Rxe2 35.
Rxe2 Qa6 36. Ne4 Nxe4 37. Rxe4 Rc8 38. Nxc5 Qd6 39. Nb7 Rxc3 40. Nxd6+ Kg6 41.
Kg2 Rd3 42. Nc8 f5 43. Rc4 h5 44. Rc6+ Kh7 45. Ne7 hxg4 46. hxg4 fxg4 47. Rc7
Nh5 48. Rxa7 Nf4+ 49. Kh2 Rf3 50. Kg1 Nh3+ 51. Kg2 Kh6 52. Ra8 Kh7 53. Ra7 Kh6
54. Ra8 Kh7 55. d6 Nf4+ 56. Kg1 Nh3+ 57. Kh2 Rxf2+ 58. Kg3 Rd2 59. Kxg4 Nf2+ 60.
Kf3 Nd1 61. Ra7 Kh6 62. d7 Kh5 63. Nc6 g4+ 64. Kf4 1-0

[Event "83rd ch-BLR 2017"]
[Site "Minsk BLR"]
[Date "2017.01.18"]
[Round "9.5"]
[White "Kocheev, Aleksandr"]
[Black "Azarov, Sergei"]
[Result "1/2-1/2"]
[BlackTitle "GM"]
[WhiteElo "2319"]
[BlackElo "2594"]
[WhiteFideId "13507842"]
[BlackFideId "13501470"]
[EventDate "2017.01.10"]

1. e4 c5 2. Be2 Nc6 3. f4 d6 4. Nf3 Nf6 5. d3 g6 6. O-O Bg7 7. c3 c4 8. d4 Nxe4
9. Bxc4 d5 10. Bd3 Bf5 11. Qe2 O-O 12. Nbd2 Nd6 13. Ne5 Rc8 14. Ndf3 e6 15. Bd2
Na5 16. Be1 Re8 17. g4 Be4 18. g5 Nac4 19. Bxe4 dxe4 20. Nh4 b5 21. Ng2 Nb6 22.
Ne3 Nd5 23. Bd2 a5 24. Rae1 b4 25. c4 Nxe3 26. Bxe3 Bxe5 27. dxe5 Nxc4 28. Rd1
Qe7 29. Bf2 Qb7 30. Rfe1 b3 31. Qxe4 Qxe4 32. Rxe4 Nxb2 33. Ra1 a4 34. axb3 axb3
35. Re3 Red8 1/2-1/2

[Event "83rd ch-BLR 2017"]
[Site "Minsk BLR"]
[Date "2017.01.18"]
[Round "9.6"]
[White "Kovalev, Vladislav"]
[Black "Stupak, Kirill"]
[Result "1/2-1/2"]
[WhiteTitle "GM"]
[BlackTitle "GM"]
[WhiteElo "2595"]
[BlackElo "2562"]
[WhiteFideId "13504398"]
[BlackFideId "13503758"]
[EventDate "2017.01.10"]

1. e4 e6 2. d4 d5 3. Nc3 Nf6 4. e5 Nfd7 5. f4 c5 6. Nf3 Nc6 7. Be3 Be7 8. dxc5
Bxc5 9. Qd2 Bb4 10. a3 Qa5 11. Nd4 Bxc3 12. bxc3 O-O 13. Bd3 Nc5 14. Nb3 Nxd3+
15. cxd3 Qa4 16. Nc5 Qa5 17. Nb3 Qa4 18. Nc5 1/2-1/2